00982cam a2200205 a 450000100100000000500170001000800410002702000150006804000230008305000250010608200180013110000430014924500900019226000750028230000400035750002400039750400570063760000420069460000400073600000663020200929153948.0860827s1987 pr ac b 001 0 spa d a0865813809 aDO-SdBNPcDLCdDLC00aPQ7439.L3bA836 1987 a928.61bM754e1 aMonserrat Gámiz, María del Carmen.10aEnrique A. Laguerre y "Los amos benévolos" /cMaría del Carmen Monserrat Gámiz. aSan Juan, Puerto Rico :bInstituto de Cultura Puertorriqueña,c1987. axi, 582 p. :bil., retrs. ;c24 cm. aBasado en parte en la tesis del autor (doctoral) - Universidad Complutense de Madrid, 1980, presentado bajo el título: La personalidad del puertorriqueño y los Aspectos educativos en la novelística contemporánea de Puerto Rico. aIncluye referencias bibliográficas (p. [333]-346).10aLAGUERRE, ENRIQUE AtAMOS BENÉVOLOS10aLAGUERRE, ENRIQUE AxBIBLIOGRAFÍA